| 000 | 00514nam a2200181Ia 4500 | ||
|---|---|---|---|
| 999 |
_c37142 _d37142 |
||
| 003 | OSt | ||
| 005 | 20210122144158.0 | ||
| 008 | 190216s9999||||xx |||||||||||||| ||und|| | ||
| 020 | _a9788126453078 | ||
| 040 | _coclc | ||
| 082 |
_a954 _bSUK/C |
||
| 100 |
_aSukumar _96626 |
||
| 245 | 0 |
_aComprehensive Objective Indian History And Facts About India / _cSukumar |
|
| 260 |
_bDC Books, _c2015. _aKottayam: |
||
| 300 | _a551p | ||
| 650 | _aHistory | ||
| 942 |
_cREF _2ddc _h954 _iSUK/C _k954 _mSUK/C |
||